Manual de teora̕ de la comunicacin̤ I. Primeras explicaciones /

Detalles Bibliográficos
Autor principal: Sosa Osorio, Jos ̌Antonio
Otros Autores: Caldern̤, Carlos Arcila
Formato: eBook
Lenguaje:español
Publicado: Bogot:̀ Ediciones de la U, 2013
Materias:
Acceso en línea:Acceso restringido

MARC

LEADER 00000nam a22000007a 4500
005 20210515154055.0
007 cr|||| ||||
008 210515s2013 co |||||s|||| 00||0 spa d
020 |a 978-958-741-366-3 
035 |a 33362 
040 |a vLex 
090 |c 11689  |d 11689 
100 1 |a Sosa Osorio, Jos ̌Antonio 
245 1 0 |a Manual de teora̕ de la comunicacin̤  |h [Recurso electrn̤ico] :  |b I. Primeras explicaciones /  |c Jos ̌Antonio Sosa Osorio, Carlos Arcila Caldern̤ 
256 |a Servicio en ln̕ea 
260 |a Bogot:̀  |b Ediciones de la U,  |c 2013 
300 |a 1 recurso electrn̤ico 
500 |a El objetivo bs̀ico de este libro est ̀centrado en la necesidad que tienen los alumnos de Comunicacin̤ Social y Periodismo de conocer y comprender el basamento ter̤ico desde el cual ha surgido su particular campo de trabajo. Esta comprensin̤ les permitir,̀ sin duda alguna, asumir desde una mejor postura personal y social su profesin̤. Adems̀, les permitir ̀conocer parte de los numerosos intentos de configurar un campo de estudio propio, el de la comunicacin̤, que ha emergido como necesidad ter̤ica y metodolg̤ica. Lejos de ser un tratado general sobre el conjunto de explicaciones que se han elaborado sobre los procesos comunicativos, este manual intenta ser un abreboca para comprender el fenm̤eno, entendiendo que las teora̕s esbozadas son parte de un contexto ms̀ amplio. De manera especf̕ica, el primer volumen abarca el inicio de las explicaciones cientf̕icas y acadm̌icas sobre comunicacin̤ que tienen lugar durante buena parte del siglo XX (Mass Communication Research y Teora̕ Crt̕ica) que fundamentalmente pueden ser comprendidas como teora̕s de los medios de comunicacin̤ de masas, y son el precedente necesario para comprender las teora̕s ulteriores. 
506 1 |a Disponible solo en los productos indicados  |d vLex Global  |d vLex Global (Academic Edition, excluding Law Schools)  |d vLex Global (U.S. Academic Edition, Law Schools)  |d vLex Global (U.S. Academic Edition, excluding Law Schools)  |d vLex Global (Academic Edition, Law Schools) 
650 0 4 |a Ciencias sociales  |z Colombia 
700 1 |a Caldern̤, Carlos Arcila 
740 0 |a vLex Libros (Servicio en ln̕ea) 
856 4 0 |u https://vlex.com/source/manual-de-teoria-de-la-comunicacion-i-primeras-explicaciones-33362  |z Acceso restringido 
942 |c BOOK 
999 0 |a Social Sciences